Modernizácia a kalibrácia pracoviska na meranie optických spektrálnych charakteristík

Guardado en:
Detalles Bibliográficos
Autor principal: Burkuš, Viktor (Autor)
Otros Autores: Kováč, Jaroslav (Orientador)
Formato: Manuscrito Libro
Lenguaje:eslovaco
Publicado: Bratislava : STU v Bratislave FEI, 2020
Materias:
Acceso en línea:https://opac.crzp.sk/?fn=detailBiblioForm&sid=F0D9EA643ED4040319EA151BE0B8&seo=CRZP-detail-kniha
Etiquetas: Agregar Etiqueta
Sin Etiquetas, Sea el primero en etiquetar este registro!

MARC

LEADER 00000ntm a22000003a 4500
001 stuzp74020
003 SK-STU
005 20200729122459.0
007 ta
008 150427s2015----xo-----f-mn---000-0-slo-d
040 |a STU  |b slo 
041 0 |a slo 
044 |a xo 
100 1 |a Burkuš, Viktor  |u 033000  |4 aut  |U FEI Fakulta elektrotechniky a informatiky  |T FEI Ústav elektroniky a fotoniky  |X 80560  |U E030  |Y 549  |7 80560 
242 0 1 |a Modernization and calibration of workplace for optical spectral characteristics measurement  |y eng 
245 1 0 |a Modernizácia a kalibrácia pracoviska na meranie optických spektrálnych charakteristík 
260 |c Bratislava :  |c STU v Bratislave FEI,  |c 2020 
300 |a 46 s. 
650 4 |a kalibrácia  |2 slo 
650 4 |a modernizácia  |2 slo 
650 4 |a monochromátor  |2 slo 
650 4 |a modernization  |2 eng 
650 4 |a monochromator  |2 eng 
650 4 |a calibration  |2 eng 
700 1 |a Kováč, Jaroslav  |u 033000  |k Z1  |4 ths  |U FEI Fakulta elektrotechniky a informatiky  |T FEI Ústav elektroniky a fotoniky  |X 42526  |U E030  |Y 549  |7 A000042526 
856 4 |u https://opac.crzp.sk/?fn=detailBiblioForm&sid=F0D9EA643ED4040319EA151BE0B8&seo=CRZP-detail-kniha